<?xml version="1.0" encoding="UTF-8"?><?xml-stylesheet type="text/xsl" href="static/style.xsl"?><OAI-PMH xmlns="http://www.openarchives.org/OAI/2.0/" xmlns:xsi="http://www.w3.org/2001/XMLSchema-instance" xsi:schemaLocation="http://www.openarchives.org/OAI/2.0/ http://www.openarchives.org/OAI/2.0/OAI-PMH.xsd"><responseDate>2026-04-17T08:23:30Z</responseDate><request verb="GetRecord" identifier="oai:www.recercat.cat:2072/475414" metadataPrefix="marc">https://recercat.cat/oai/request</request><GetRecord><record><header><identifier>oai:recercat.cat:2072/475414</identifier><datestamp>2025-05-08T15:29:46Z</datestamp><setSpec>com_2072_98</setSpec><setSpec>col_2072_378192</setSpec></header><metadata><record xmlns="http://www.loc.gov/MARC21/slim" xmlns:dcterms="http://purl.org/dc/terms/" xmlns:xsi="http://www.w3.org/2001/XMLSchema-instance" xmlns:doc="http://www.lyncode.com/xoai" xsi:schemaLocation="http://www.loc.gov/MARC21/slim http://www.loc.gov/standards/marcxml/schema/MARC21slim.xsd">
   <leader>00925njm 22002777a 4500</leader>
   <datafield ind2=" " ind1=" " tag="042">
      <subfield code="a">dc</subfield>
   </datafield>
   <datafield ind2=" " ind1=" " tag="720">
      <subfield code="a">Casadesús de Mingo, Anahí</subfield>
      <subfield code="e">author</subfield>
   </datafield>
   <datafield ind2=" " ind1=" " tag="720">
      <subfield code="a">Cerrillo-i-Martínez, Agustí</subfield>
      <subfield code="e">author</subfield>
   </datafield>
   <datafield ind2=" " ind1=" " tag="260">
      <subfield code="c">2018</subfield>
   </datafield>
   <datafield ind2=" " ind1=" " tag="520">
      <subfield code="a">This paper pursues to show how regulation can facilitate the incorporation of transparency obligations into a record's lifecycle (transparency by design) to prevent the occurrence of any risk of corruption associated with the management of the information created by a public administration (missing or disappearance of information, lack of evidence, modification of documents, etc.). The paper analyses the mechanisms available to Spain's public administrations for managing these irregularities in records management though the raft of regulations and protocols that have been approved in the country. It assesses how the lack of specific regulations providing for transparency by design currently represents a limitation on the role of records management as a tool for preventing and fighting corruption. The paper shows that there is a need to guarantee proper records management, which includes transparency throughout a record's lifecycle. It concludes that legislation assessed does not properly reflect these ideals. Nevertheless, this concern is only partially and insufficiently reflected in legislation. Legislators usually ignore the instrumental and methodological fundamentals of records management. Therefore, there is a need to update legislation on archives and records management with regard to access to information, transparency and accountability.</subfield>
   </datafield>
   <datafield tag="653" ind2=" " ind1=" ">
      <subfield code="a">Corruption</subfield>
   </datafield>
   <datafield tag="653" ind2=" " ind1=" ">
      <subfield code="a">Public information</subfield>
   </datafield>
   <datafield tag="653" ind2=" " ind1=" ">
      <subfield code="a">Records management</subfield>
   </datafield>
   <datafield tag="653" ind2=" " ind1=" ">
      <subfield code="a">Regulation</subfield>
   </datafield>
   <datafield tag="653" ind2=" " ind1=" ">
      <subfield code="a">Spain</subfield>
   </datafield>
   <datafield tag="653" ind2=" " ind1=" ">
      <subfield code="a">Transparency by design</subfield>
   </datafield>
   <datafield ind2="0" ind1="0" tag="245">
      <subfield code="a">Improving records management to promote transparency and prevent corruption</subfield>
   </datafield>
</record></metadata></record></GetRecord></OAI-PMH>